00459pab a2200145 454500008004000000100002100040245013800061260000900199300001500208362000800223650001900231650001500250700002000265773002800285180718b2017 xxu||||| |||| 00| 0 eng d aAndre, Stefanie  aPerceived in-group discrimination by first and second generation immigrants from different countries of origin in 27 EU member-states c2017 ap.105-129. aJan aEuropean Union aImmigrants aDronkers, Jaap  aInternational Sociology